Determinants of institutional goals achievement among educational institutions in the Philippines (Record no. 329881)
[ view plain ]
| 000 -LEADER | |
|---|---|
| fixed length control field | 00570nam a2200169Ia 4500 |
| 008 - FIXED-LENGTH DATA ELEMENTS--GENERAL INFORMATION | |
| fixed length control field | 170510s9999 xx 000 0 und d |
| 100 ## - MAIN ENTRY--PERSONAL NAME | |
| Personal name | Marjorie S. Gutierrez-Tangog |
| 245 ## - TITLE STATEMENT | |
| Title | Determinants of institutional goals achievement among educational institutions in the Philippines |
| 245 ## - TITLE STATEMENT | |
| Statement of responsibility, etc | Marjorie S. Gutierrez-Tangog |
| 260 ## - PUBLICATION, DISTRIBUTION, ETC. (IMPRINT) | |
| Date of publication, distribution, etc | 2016 |
| 300 ## - PHYSICAL DESCRIPTION | |
| Extent | pages 19-40,December |
| 440 ## - SERIES STATEMENT/ADDED ENTRY--TITLE | |
| Title | SGEN Research Review |
| Volume number/sequential designation | 5:1 |
| 650 ## - SUBJECT ADDED ENTRY--TOPICAL TERM | |
| Topical term or geographic name as entry element | Educational institutions |
| 650 ## - SUBJECT ADDED ENTRY--TOPICAL TERM | |
| Topical term or geographic name as entry element | Institutional goals |
| 650 ## - SUBJECT ADDED ENTRY--TOPICAL TERM | |
| Topical term or geographic name as entry element | Leadership behaviors |
| 650 ## - SUBJECT ADDED ENTRY--TOPICAL TERM | |
| Topical term or geographic name as entry element | Organizational commitment |
| Withdrawn status | Lost status | Damaged status | Home library | Current library | Date acquired | Total Checkouts | Date last seen | Price effective from | Koha item type |
|---|---|---|---|---|---|---|---|---|---|
| College Library | College Library | 05/10/2017 | 05/10/2017 | 05/10/2017 | Periodicals |